00602nam a22002057a 450000500170000001000130001702000100003003500130004003700160005304000120006908200170008110000160009824501170011426000360023127000390026730000270030650000200033365000260035365000170037920170124110155.0 aA-689063 c45.00 aA-689063 bCen Lib/Ret aDPLbEN a181.499bBAS aBasu, Samar aMan: towards his splendid destiny :cby Samar Basu ba guide to the study of man in the light of sri aurobindo / aPondichery bWorld Union c1992 bPondichery asri aurobindo ashram  axxiii, 140p.c21cm(Hb) aIncludes index  z aIndian philosophy  aHuman cycle